Clique em uma Capital Válida A-Z - Statistics

Estatísticas Gerais
  • Esse quiz foi jogado 8 085 vezes
  • A pontuação média é 8 de 25
Respostas no mapa
Respostas codificadas por cores de uma escala verde-vermelha no mapa do quiz de acordo com a % correta abaixo.
 
Estatísticas das Respostas
Resposta % Correto
B
51%
A
44%
W
44%
L
42%
M
40%
C
38%
O
38%
P
37%
S
37%
T
37%
Q
35%
R
34%
D
33%
H
32%
N
30%
K
27%
J
26%
E
24%
G
24%
V
23%
U
20%
I
17%
Z
14%
Y
12%
F
9%
Nenhum quiz correspondente encontrado
Distribuição das Pontuações
Porcentagem de Pessoas com Cada Pontuação
Percentil de Números Respondidos
Sua Pontuação Histórica
Você não jogou esse quiz